The politics of kinship : (Record no. 57567)
[ view plain ]
| 000 -LEADER | |
|---|---|
| fixed length control field | 01068cam a2200277 4500 |
| 001 - CONTROL NUMBER | |
| control field | 57567 |
| 003 - CONTROL NUMBER IDENTIFIER | |
| rucl marc code | BD-RjUL |
| 005 - DATE AND TIME OF LATEST TRANSACTION | |
| control field | 20211209080529.0 |
| 008 - FIXED-LENGTH DATA ELEMENTS--GENERAL INFORMATION | |
| fixed length control field | 161210t19711964enka b 001 0 eng |
| 020 ## - INTERNATIONAL STANDARD BOOK NUMBER | |
| International Standard Book Number | 0719010233 |
| 035 ## - SYSTEM CONTROL NUMBER | |
| System control number | (BD-RjUL)57691 |
| 040 ## - CATALOGING SOURCE | |
| Original cataloging agency | DLC |
| Transcribing agency | DLC |
| Modifying agency | DLC |
| Language of cataloging | eng |
| 041 ## - LANGUAGE CODE | |
| Language code of text/sound track or separate title | eng |
| 082 00 - DEWEY DECIMAL CLASSIFICATION NUMBER | |
| Edition number | 23 |
| Classification number | 306.83 |
| Author mark and year | VAP 1971 |
| 100 1# - MAIN ENTRY--PERSONAL NAME | |
| Personal name | Van Velsen, J. |
| 9 (RLIN) | 170949 |
| 245 14 - TITLE STATEMENT | |
| Title | The politics of kinship : |
| Remainder of title | a study in social manipulation among the lakeside Tonga of Malawi / |
| Statement of responsibility, etc. | by J. Van Velsen. |
| 260 ## - PUBLICATION, DISTRIBUTION, ETC. (IMPRINT) | |
| Place of publication, distribution, etc. | [Manchester, Eng. : |
| Name of publisher, distributor, etc. | Published on behalf of the Institute for African Studies, University of Zambia, by Manchester University Press |
| Date of publication, distribution, etc. | [1971, c1964] |
| 300 ## - PHYSICAL DESCRIPTION | |
| Pagination | xxix, 338 p. : |
| Illustrations | ill. ; |
| Size | 22 cm. |
| 350 ## - PRICE (NR) (BK AM CF MU VM SE) [OBSOLETE] | |
| Price | £1.80 ($6.00 U.S.) |
| 500 ## - GENERAL NOTE | |
| General note | Label mounted on t.p.: Distributed in the U.S.A. by Humanities Press, New York. |
| 504 ## - BIBLIOGRAPHY, ETC. NOTE | |
| Bibliography, etc | Bibliography: p. 327-330. |
| 651 #0 - SUBJECT ADDED ENTRY--GEOGRAPHIC NAME | |
| Geographic name | Malawi |
| General subdivision | Social conditions. |
| 9 (RLIN) | 170950 |
| 710 2# - ADDED ENTRY--CORPORATE NAME | |
| Corporate name or jurisdiction name as entry element | University of Zambia. |
| Subordinate unit | Institute for African Studies. |
| 9 (RLIN) | 170951 |
| 942 ## - ADDED ENTRY ELEMENTS (KOHA) | |
| Source of classification or shelving scheme | Dewey Decimal Classification |
| Koha item type | Books |
| Lost status | Source of classification or shelving scheme | Damaged status | Not for loan | Collection code | Permanent Location | Current Location | Shelving location | Date acquired | Source of acquisition | Total Checkouts | Full call number | Date last seen | Copy number | Koha item type |
|---|---|---|---|---|---|---|---|---|---|---|---|---|---|---|
| Dewey Decimal Classification | Not For Loan | Non-fiction | Central Library, University of Rajshahi | Central Library, University of Rajshahi | Reading Room | 13/08/1981 | Netherland | 306.83 VAP 1971 | 10/12/2016 | C-1 | Books |